| 000 | 01895njm0a2200385 4500 | ||
|---|---|---|---|
| 001 | RU\NLR\ONIZ\224235 | ||
| 005 | 20260405142301.0 | ||
| 035 | _a(NLR Aleph) 011903310 | ||
| 035 | _aRU\NLR\ONIZ\GALA\5000033486\20181005155854 | ||
| 071 | 0 | 0 | _a8287, 8288 |
| 090 |
_a13283704 _c13283704 |
||
| 100 | _a20181005f19001999|||y0rusy50 ca | ||
| 102 | _aRU | ||
| 126 |
_aaduxdxu ux _bxxx |
||
| 127 | _a000015 | ||
| 135 | _ahonoannnanndn | ||
| 200 | 1 |
_aСеренада Мефистофеля _bЗвукозапись _eиз оперы "Фаустъ" _fШ. Гуно _fисполн.: Л. М. Сибиряков. [бас], рт. ИМП. театров |
|
| 210 |
_aС. Петербург _cРусское акц.об-во граммофонов _d[19--] |
||
| 215 | _a1 грп. (15 мин): 78 об/ мин, моно; 25 см, в конв. | ||
| 423 | 0 |
_12001#$aЗаклинание цветовъ$eиз оперы "Фауст"$fШ. Гуно$gисполн.: Л. М. Сибиряков, [бас], арт. Имп. театров _1686##$aЩ943.3-071(4Фр)$vLBC/SL$2rubbk _tЗаклинание цветовъ |
|
| 606 | 1 |
_aОперные артисты начала 20 века _xЗвукозапись _yРоссия _z20 в. _2nlr_sh |
|
| 686 |
_aЩ943.3-071я44(4Фр) _vLBC/SL _2rubbk |
||
| 700 | 1 |
_4230 _8rus _7ca _aГуно _bШ. _f1818-1893 _gШарль _3RU\NLR\AUTH\7758244 _941176 |
|
| 702 | 1 |
_4590 _4vbs _7ca _8rus _aСибиряков _bЛ. М. _f1870-1938 _gЛев Михайлович _9239988 _3RU\NLR\AUTH\770240044 |
|
| 790 | 1 |
_9z01700 _aGounod _bCh. F. _f1818-1893 _gCharles François _4230 _7ba |
|
| 790 | 1 |
_9z02702 _aSibirjakov _bL. _f1870-1938 _gLev _4590 _4vbs _7ba |
|
| 801 | 0 |
_aRU _bNLR _c20181005 _gPSBO |
|
| 801 | 1 |
_aRU _bNLR _c20181005 _2rusmarc |
|
| 801 | 2 |
_aRU _bNLR _c20181008 |
|
| 852 |
_aNLR _bМг _j2к/1567 _p6882 _t1 |
||
| 942 | _cREC | ||
| 980 | _aNB | ||
| 980 | _aONIZ | ||